000 00706pam a2200229 a 4500
001 3890435
005 20180220042927.0
008 900920s1991 nyu 001 0 eng
010 _a 90049450
020 _a0814754627
040 _aDLC
_cDLC
_dDLC
041 _aeng
080 _a306.89 MAC
082 0 0 _a306.89 MAC
_220
100 1 _a50
101 _aSOC
245 1 0 _aSurviving divorce :
_cMavis Maclean.
504 _aIncludes bibliographical references (p. 139-144) and index.
906 _a7
_bcbc
_corignew
_d1
_eocip
_f19
_gy-gencatlg
942 _2ddc
_cBK
999 _c42898
_d42898